Breve historia de un pequeño amor / (Registro nro. 37973)
[ vista simple ]
| 000 -CABECERA | |
|---|---|
| Longitud fija campo de control | 00726nam a2200193 4500 |
| 003 - • IDENTIFICADOR DELl NÚMERO DE CONTROL | |
| Identificador del número de control | CO-ViMGA |
| 020 ## - • NÚMERO INTERNACIONAL NORMALIZADO PARA LIBROS | |
| Número Internacional Normalizado para Libros (ISBN) | 978-958-743-319-7 |
| 040 ## - FUENTE DE LA CATALOGACIÓN | |
| Centro catalogador de origen | CO-ViMGA |
| Lengua de catalogación | spa |
| Centro transcriptor | CO-ViMGA |
| 082 04 - • NÚMERO DE LA CLASIFICACIÓN DECIMAL DEWEY | |
| Número de clasificación (R) | 869.43 |
| Número del ítem | C65b |
| 100 1# - • PUNTO DE ACCESO PRINCIPAL-NOMBRE DE PERSONA | |
| Nombre de persona | Colasanti, Marina |
| 245 10 - • TITULO PROPIAMENTE DICHO | |
| Título | Breve historia de un pequeño amor / |
| Mención de responsabilidad, etc. | Marina Colasanti ; ilustraciones de Elizabeth Builes ; traducción de Beatriz Peña Trujillo |
| 300 ## - • DESCRIPCIÓN FÍSICA | |
| Extensión | 65 p. : il. col. ; |
| Otras características físicas | 23 cm. |
| 490 ## - • MENCIÓN DE SERIE | |
| Mención de serie | (Nidos para la lectura / Yolanda Reyes, directora) |
| 650 14 - • PUNTO DE ACCESO ADICIONAL DE MATERIA - TÉRMINO DE MATERIA | |
| Término de materia o nombre geográfico como elemento inicial | Cuentos infantiles brasileños |
| Subdivisión cronológica | Siglo XXI |
| 700 1# - • PUNTO DE ACCESO ADICIONAL - NOMBRE DE PERSONA | |
| Nombre de persona | Builes, Elizabeth, |
| Término indicativo de función | ilustrador |
| 700 1# - • PUNTO DE ACCESO ADICIONAL - NOMBRE DE PERSONA | |
| Nombre de persona | Peña Trujillo, Beatriz, |
| Término indicativo de función | traductor |
| 942 ## - ENTRADA DE ELEMENTOS AGREGADOS (KOHA) | |
| Fuente de clasificaión o esquema | Dewey Decimal Classification |
| Koha [por defecto] tipo de item | LIbro |
| Perdido | Fuente de clasificación o esquema | Estado Físico | No para préstamo | Forma de adquisición | Localización permanente | Localización actual | Fecha adquisición | Préstamos totales | Signatura completa | Código de barras | Fecha última consulta | Fecha último préstamo | Fecha del precio de reemplazo | Tipo de item de Koha |
|---|---|---|---|---|---|---|---|---|---|---|---|---|---|---|
| Dewey Decimal Classification | Sala General Segundo Piso | Biblioteca Pública Germán Arciniegas - Villavicencio | Biblioteca Pública Germán Arciniegas - Villavicencio | 05/23/2017 | 1 | 869.43 C65b | 032177 | 10/20/2022 | 10/18/2022 | 05/23/2017 | LIbro |